000 00495nam a22001457a 4500
999 _c535792
_d535792
082 _a612.015
100 _aAhmed, Naeema
245 _aIntrahepatic Detection of Insulin Receptor Substrate 2 in Chronic Hepatitis C Patients /
_cNaeema Ahmed.
260 _aIslamabad :
_bAMC NUST,
_c2012.
300 _a77 p. : ill. ;
_c30cm.
942 _2ddc
_cTHE
650 _aBiochemistry - M Phil Theses.
_930589
700 _aSup Amir Rashid.
_930649